000 00902cam a2200133 4500500
005 20251214002713.0
041 _afre
042 _adc
100 1 0 _aVassevière, Jacques
_eauthor
245 0 0 _aL'orthographe, le lexique et la syntaxe : En 100 fiches et 150 exercices
260 _bArmand Colin,
_c2018.
520 _aPonctuation, grammaire, conjugaison, registres de langue, précision et richesse du vocabulaire… En 100 fiches, cet ouvrage propose une approche de l’orthographe pratique et positive fondée sur l’idée que la compréhension du fonctionnement de la langue est essentielle à sa maîtrise. Ponctuée de rubriques et d’exemples, chaque fiche expose de manière claire et synthétique les règles à maîtriser pour briller à l’écrit.
856 4 1 _uhttps://shs.cairn.info/l-orthographe-le-lexique-et-la-syntaxe--9782200621339?lang=fr&redirect-ssocas=7080
999 _c1567345
_d1567345